Attack of the… Zombies!!! - Sudden Death - Statistics

General Stats
  • This quiz has been taken 540 times
  • The average score is 8 of 16
Answers on the Grid
Answers color-coded by a green-red scale on the quiz's grid according to % correct below.
28 Days Later
All of Us Are Dead
Bio-Dome
Braindead
Cape Fear
Dawn of the Dead
Dead Like Me
Die Another Day
Evil Dead
I Am Legend
Kingdom
Mister Deathman
Night of the Living Dead
Outbreak
Rain
REC
Resident Evil
Shaun of the Dead
Teeth
The Andromeda Strain
The Hills Have Eyes
The Last of Us
The Walking Dead
The World’s End
They Live
Train to Busan
Unforgiven
World War Z
Yuma
Zombieland
 
Answer Stats
Answer % Correct
28 Days Later
85%
Night of the Living Dead
72%
Dawn of the Dead
70%
World War Z
68%
The Walking Dead
66%
Zombieland
65%
Resident Evil
60%
The Last of Us
57%
Shaun of the Dead
55%
I Am Legend
52%
Evil Dead
49%
Train to Busan
43%
All of Us Are Dead
35%
Braindead
24%
REC
13%
Kingdom
10%
No matching quizzes found
Score Distribution
Percent of People with Each Score
Percentile by Number Answered
Your Score History
You have not taken this quiz